000
00207 a2200097 4500
001
25500
100
_a
Smirnov, L P
245
_a
Cable installation
260
_a
_b
Mir Puublishers
_c
090
_c
17224
_d
17224
942
_a
NUST-CAE
_c
M
_c
8030
999
_c
260573
_d
260573